Letters to a Young Philosopher/ (Record no. 215909)

MARC details
000 -LEADER
fixed length control field 00562nam a22001937a 4500
005 - DATE AND TIME OF LATEST TRANSACTION
control field 20260416122052.0
010 ## - LCCN (DPL NO)
LC control number ENG-148263
020 ## - INTERNATIONAL STANDARD BOOK NUMBER
International Standard Book Number 9780199480388
Terms of availability 450.00
035 ## - SYSTEM CONTROL NUMBER
System control number EN-131795
037 ## - SOURCE OF ACQUISITION
Source of stock number/acquisition DBAD
082 ## - DEWEY DECIMAL CLASSIFICATION NUMBER
Classification number 150
100 ## - MAIN ENTRY--PERSONAL NAME
Personal name Jahanbegloo, Ramin
245 ## - TITLE STATEMENT
Title Letters to a Young Philosopher/
Statement of responsibility, etc Ramin Jahanbegloo
250 ## - EDITION STATEMENT
Edition statement 1
260 ## - PUBLICATION, DISTRIBUTION, ETC. (IMPRINT)
Place of publication, distribution, etc New Delhi
Name of publisher, distributor, etc Oxford University Press
Date of publication, distribution, etc 2018
270 ## - ADDRESS
Address 2/11 GrounD Floor, Ansari Road, Darya Ganj
City New Delhi
Postal code 110002
300 ## - PHYSICAL DESCRIPTION
Extent 152p.
Dimensions 19cm(hb)
942 ## - ADDED ENTRY ELEMENTS (KOHA)
Source of classification or shelving scheme Dewey Decimal Classification
Item type English Books
Classification part 150
Call number suffix JAH
Holdings
Withdrawn status Lost status Not for loan Collection code Home library Current library Date acquired Source of acquisition Cost, normal purchase price Full call number Barcode Copy number Cost, replacement price Koha item type
    Not For Loan Non-fiction D.B.Act.Division D.B.Act.Division 16/04/2026 Delivery of Books Act Division 450.00 150 JAH EN-131795 1 450.00 English Books

© Delhi Public Library
Hit Counter
free hit counter